Guess the Footballers by their Teams #22 - Statistics

General Stats
  • This quiz has been taken 153 times
  • The average score is 7 of 10
Answer Stats
Hint Answer % Correct
1992-2014. Ajax, Sampdoria, Real Madrid, Inter Milan, AC Milan, Botafogo, Netherlands. Clarence Seedorf
90%
2008-. VfL Bochum II, 1. FC Nurnberg, Borussia Dortmund, Borussia Dortmund II, Manchester City, Germany. Ilkay Gundogan
90%
1990-2011. Ajax, Juventus, Fulham, Manchester United, Netherlands. Edwin van der Sar
79%
2015-. Manchester City, Leicester City, Nigeria. Kelechi Iheanacho
70%
2000-2022. Sporting CP B, Sporting CP, Barcelona, Porto, Inter Milan, Chelsea (loan), Besiktas, Al Ahli, Porto, Besiktas, Kasimpasa, Vitoria Guimaraes, Portugal. Ricardo Quaresma
65%
2009-. Virton, Club Brugge, Paris Saint-Germain, Borussia Dortmund, Belgium. Thomas Meunier
61%
2000-2017. Cruzeiro, Ajax, Internazionale, Empoli (loan), Barcelona, Paris Saint-Germain, Brazil. Maxwell
58%
2006-. Hertha BSC II, Hertha BSC, Hamburger SV, Manchester City, Bayern Munich, Lyon, Germany. Jerome Boateng
55%
1996-2014. Lyon Duchere, Monaco B, Monaco, Lille, Lyon, Barcelona, Monaco, Olympiacos, France. Eric Abidal
54%
1990-2016. Marconi Stallions, Dynamo Dresden, 1. FC Kaiserlautern, Bradford City, Middlesbrough, Fulham, Chelsea, Leicester City, Australia. Mark Schwarzer
44%
No matching quizzes found
Score Distribution
Percent of People with Each Score
Percentile by Number Answered
Your Score History
You have not taken this quiz